000 00761nam a2200253 i 4500
001 bg
100 1 _aHERCZEK, Aleksander
245 1 0 _aLądowe ślimaki Polski :
_bprzegląd wybranych gatunków : atlas i klucz /
_cAleksander Herczek, Jacek Gorczyca.
260 _aKrzeszowice :
_b"Kubajak",
_c2000.
300 _a96 s. :
_bil., mapy kolor. ;
_c21 cm.
504 _aBibliogr.
650 9 _aŚlimaki
_zPolska
650 9 _aŚlimaki
_xsystematyka
_zPolska
655 _aAtlasy
700 1 _aGORCZYCA, Jacek
020 _a8387971308
040 _cBPK
041 0 _apl
080 _a594(438)(084.4)
920 _a83-87971-30-8
942 _cKS
008 s pl f |000 0 pol
999 _c39765
_d39765
856 _uhttp://koha.tu.koszalin.pl/cgi-bin/koha/opac-detail.pl?biblionumber=39765
_yKatalog online BPK